Physical agents in rehabilitation : (رقم التسجيلة. 79405)
[ عرض عادي ]
| 000 -الفاتح | |
|---|---|
| حقل البيانات ثابتة الطول | 02515cam a2200397 i 4500 |
| 001 - رقم الضبط | |
| رقم الضبط | 1005991203 |
| 003 - محدد رقم الضبط | |
| رقم الضبط | OCoLC |
| 005 - وقت وتاريخ اخر تعامل مع التسجيلة | |
| رقم الضبط | 20210304193909.0 |
| 007 - الحقل الثابت للوصف المادى- معلومات عامة | |
| حقل البيانات ثابتة الطول | ta |
| 008 - عناصر البيانات ثابتة الطول - معلومات عامة | |
| حقل البيانات ثابتة الطول | 171013s2018 mouac b 001 0 eng |
| 010 ## - رقم ضبط مكتبة الكونجرس | |
| رقم ضبط مكتبة الكونجرس | 2017470855 |
| 020 ## - الرقم الدولى المعيارى للكتب | |
| الرقم الدولى المعيارى للكتاب | 9780323445672 (paperback) |
| 020 ## - الرقم الدولى المعيارى للكتب | |
| الرقم الدولى المعيارى للكتاب | 0323445675 (paperback) |
| 035 ## - رقم ضبط النظام | |
| رقم ضبط النظام | (OCoLC)1005991203 |
| رقم الضبط الملغى والمتاح | (OCoLC)973114422 |
| -- | (OCoLC)973304492 |
| -- | (OCoLC)973371130 |
| -- | (OCoLC)973533706 |
| -- | (OCoLC)973766779 |
| -- | (OCoLC)973797141 |
| -- | (OCoLC)979561306 |
| -- | (OCoLC)1008839285 |
| 040 ## - مصدر الفهرسة | |
| وكالة الفهرسة الأصلية | NLM |
| لغة الفهرسة | eng |
| قواعد الوصف | rda |
| وكالة النسخ | NLM |
| وكالة التعديل | AIC |
| -- | BTCTA |
| -- | BDX |
| -- | YDX |
| -- | PWT |
| -- | OCLCF |
| -- | NEH |
| -- | QGK |
| -- | IOJ |
| -- | OHS |
| -- | UPM |
| -- | MDU |
| -- | IAX |
| -- | IBI |
| -- | UWO |
| -- | OCLCO |
| -- | DLC |
| -- | OCLCA |
| -- | PBF |
| 042 ## - رمز التحقق | |
| رمز التحقق | pcc |
| 050 #4 - رقم طلب مكتبة الكونجرس | |
| رقم التصنيف | RM700 |
| رقم المادة | .C276 2018 |
| 060 00 - رقم الطلب بالمكتبة الطبية الوطنية | |
| رقم التصنيف | 2018 B-084 |
| 060 10 - رقم الطلب بالمكتبة الطبية الوطنية | |
| رقم التصنيف | WB 460 |
| 082 04 - رقم تصنيف ديوى العشرى | |
| رقم التصنيف | 615.82 |
| رقم الطبعة | 23 |
| رقم المادة | CMP |
| 100 1# - المدخل الرئيسى - إسم شخصى | |
| الإسم الشخصى | Cameron, Michelle H., |
| الدور | author. |
| 9 (RLIN) | 88303 |
| 245 10 - بيان العنوان | |
| العنوان | Physical agents in rehabilitation : |
| بقية العنوان | an evidence-based approach to practice / |
| بيان المسئوليه,etc | Michelle H. Cameron. |
| 250 ## - بيان الطبعة | |
| بيان الطبعة | Fifth edition. |
| 264 #1 - النشر, التوزيع, ETC. (IMPRINT) | |
| مكان الناشر او الموزع | St. Louis, Missouri : |
| اسم الناشر او الموزع | Elsevier, |
| تاريخ النشر أو التوزيع | [2018] |
| 300 ## - الوصف المادى | |
| التعداد | xi, 448 pages : |
| تفاصيل ماديه اخرى للوعاء | illustrations, portraits ; |
| أبعاد الوعاء | 28 cm |
| 504 ## - تبصرة ببليوجرافية | |
| تبصرة ببليوجرافية,الخ | Includes bibliographical references and index. |
| 505 0# - تبصرة محتويات-الفهرس | |
| تبصرة المحتويات المصاغة | Introduction to physical agents. The physiology of physical agents -- Physical agents in clinical practice -- Pathology and patient problems. Inflammation and tissue repair -- Pain and pain management -- Tone abnormalities -- Motion restrictions -- Thermal agents. Introduction to thermal agents -- Superficial cold and heat -- Ultrasound -- Diathermy -- Electrical currents. Introduction to electrotherapy -- Electrical currents for muscle contractions -- Electrical currents for pain control -- Electrical currents for soft tissue healing -- Electromyographic (EMG) Biofeedback -- Electromagnetic Agents. Lasers and light -- Ultraviolet therapy -- Mechanical agents. Hydrotherapy -- Traction -- Compression. |
| 520 ## - التبصرة الخاصة بالتعليق أو التلخيص | |
| ملخص,الخ | Provides support for how physical agent modalities are discussed in the classroom and used in clinical rehabilitation practice to improve patient outcomes. This new edition brings the ideal balance of evidence and practical instruction to the learning and practice of physical agents in rehabilitation. |
| 650 12 - المدخل الاضافى بالموضوع-مصطلح موضوعى | |
| مصطلح موضوعي أو اسم جغرافي كعنصر مدخل | Physical Therapy Modalities. |
| 9 (RLIN) | 88304 |
| 650 22 - المدخل الاضافى بالموضوع-مصطلح موضوعى | |
| مصطلح موضوعي أو اسم جغرافي كعنصر مدخل | Physical Therapy Modalities |
| التقسيم الفرعي العام | instrumentation. |
| 9 (RLIN) | 88305 |
| 650 22 - المدخل الاضافى بالموضوع-مصطلح موضوعى | |
| مصطلح موضوعي أو اسم جغرافي كعنصر مدخل | Rehabilitation |
| التقسيم الفرعي العام | methods. |
| 9 (RLIN) | 18519 |
| 650 22 - المدخل الاضافى بالموضوع-مصطلح موضوعى | |
| مصطلح موضوعي أو اسم جغرافي كعنصر مدخل | Evidence-Based Practice. |
| 9 (RLIN) | 17622 |
| 650 #0 - المدخل الاضافى بالموضوع-مصطلح موضوعى | |
| مصطلح موضوعي أو اسم جغرافي كعنصر مدخل | Physical therapy. |
| 9 (RLIN) | 88306 |
| 650 #0 - المدخل الاضافى بالموضوع-مصطلح موضوعى | |
| مصطلح موضوعي أو اسم جغرافي كعنصر مدخل | Medicine, Physical. |
| 9 (RLIN) | 10218 |
| 942 ## - عناصر المدخل الإضافي( كوها) | |
| مصدر التصنيف او مخطط الترفيف | Dewey Decimal Classification |
| Koha [default] item type | كتاب |
| حالة الفقد | نموذج السعر الفعال | حالة تلف | ليس للاعارة | رقم الطلب | تاريخ الاكتساب | الموقع الحالي | الباركود | الفرع الرئيسي | Date last seen | نوع المادة فى نظام كوها | مصدر التصنيف او خطة الترفيف | Total Checkouts | Date last checked out |
|---|---|---|---|---|---|---|---|---|---|---|---|---|---|
| 2021-03-04 | 615.82 CMP | 2021-03-04 | المكتبة المركزية بالمجمعة (CL) | 00167221 | المكتبة المركزية بالمجمعة (CL) | 2021-03-04 | كتاب | Dewey Decimal Classification | |||||
| 2021-03-04 | 615.82 CMP | 2021-03-04 | المكتبة المركزية بالمجمعة (CL) | 00167222 | المكتبة المركزية بالمجمعة (CL) | 2021-03-04 | كتاب | Dewey Decimal Classification | |||||
| 2021-03-04 | 615.82 CMP | 2021-03-04 | المكتبة المركزية بالمجمعة (CL) | 00167223 | المكتبة المركزية بالمجمعة (CL) | 2021-03-04 | كتاب | Dewey Decimal Classification | |||||
| 2021-03-04 | 615.82 CMP | 2021-03-04 | مكتبة كلية العلوم الطبية التطبيقية بالمجمعة - طالبات (AMF) | 00167182 | مكتبة كلية العلوم الطبية التطبيقية بالمجمعة - طالبات (AMF) | 2021-03-04 | كتاب | Dewey Decimal Classification | |||||
| 2021-03-04 | 615.82 CMP | 2021-03-04 | مكتبة كلية العلوم الطبية التطبيقية بالمجمعة - طالبات (AMF) | 00167183 | مكتبة كلية العلوم الطبية التطبيقية بالمجمعة - طالبات (AMF) | 2022-06-05 | كتاب | Dewey Decimal Classification | 1 | 2021-09-07 | |||
| 2021-03-04 | 615.82 CMP | 2021-03-04 | مكتبة مجمع الكليات بالزلفى - طلاب (SZM) | 00167184 | مكتبة مجمع الكليات بالزلفى - طلاب (SZM) | 2021-03-04 | كتاب | Dewey Decimal Classification | |||||
| 2021-03-04 | 615.82 CMP | 2021-03-04 | مكتبة مجمع الكليات بالزلفى - طلاب (SZM) | 00167185 | مكتبة مجمع الكليات بالزلفى - طلاب (SZM) | 2021-03-04 | كتاب | Dewey Decimal Classification |
